000 00511nam a22001697a 4500
001 196054
003 OSt
005 20240816080336.0
008 240816b |||||||| |||| 00| 0 POR d
040 _aColégio Cândido Portinari
_bPortuguês
_cColégio Cândido Portinari
082 _a028.5
245 _aSaferdic@as em quadrinhos: brincar, estudar e... navegar com segurança na Internet
260 _a[S.l, 19--?].
300 _a31p.: il.
650 0 _aHistórias em quadrinhos
_91139
942 _2udc
_cBK
_n0
999 _c196054
_d196054